000 00938nam a2200265Ia 4500
003 OSt
005 20221005112918.0
006 a|||||r|||| 00| 0
007 ta
008 221004b |||||||| |||| 00| 0 pan d
020 _cINR 600.00
024 _a68425
037 _bSP/5356, 25/02/2020, Star Publications Pvt. Ltd.
_cTextual
040 _aCRL
_cCRL
_bpan
041 _2pan
_apan
082 _aO153,3NSO3,BR, R0
100 _aਸੋਹਨ, ਪ੍ਰਕਾF, ਂਚ.
245 0 _aਬੇਨਾਮ ਰਿFਤੇ
260 _aਦਿੱਲੀ
_bਨਵਯੁਗ ਪਬਲਿFਰਗ਼ ਭਾਰਤ
_c2020
300 _a305ਪ੍ਰ0
_ccm.
650 _a ਪੰਜਾਬੀ ਕਹਾਣੀ
650 _aਪੰਜਾਬੀ ਸਾਹਿਤ
942 _hO153,3NSO3,BR, R0
_cTEXL
_2cc
999 _c1026397
_d1026397